Supervisory Management: The Art of Empowering and Developing people (Record no. 2137)

MARC details
005 - DATE AND TIME OF LATEST TRANSACTION
control field 20250507144843.0
020 ## - INTERNATIONAL STANDARD BOOK NUMBER
International Standard Book Number 0-538-82246-5
082 ## - DEWEY DECIMAL CLASSIFICATION NUMBER
Classification number 658.302 MOS
100 ## - MAIN ENTRY--PERSONAL NAME
Author name MOSLEY, D. C.
245 ## - TITLE STATEMENT
Title Supervisory Management: The Art of Empowering and Developing people
260 ## - PUBLICATION, DISTRIBUTION, ETC.
Place of publication, distribution, etc. Cincinnati,
Name of publisher, distributor, etc. South-Western Publishing,
Date of publication, distribution, etc. 1993.
300 ## - PHYSICAL DESCRIPTION
Extent xiv, 656p.: ill.; figure, table.
Other physical details Glossary, index.
Dimensions 24cm.
700 ## - ADDED ENTRY--PERSONAL NAME
Other authors/Editors MEGGINSON, L. C. & PIETRI, P. H.
942 ## - ADDED ENTRY ELEMENTS (KOHA)
Source of classification or shelving scheme Dewey Decimal Classification
Koha item type Books
Holdings
Date last seen Total checkouts Full call number Barcode Cost, replacement price Price effective from Koha item type Lost status Source of classification or shelving scheme Damaged status Not for loan Withdrawn status Home library Current library Shelving location Date acquired Cost, normal purchase price
05/07/2025   658.302 MOS 0000008156 30000.00 05/07/2025 Books   Dewey Decimal Classification       College of Business Education Main Library College of Business Education Main Library General Collection 01/28/1997 10000.00